Evolutionary and neo-Schumpeterian approaches to economics /

Guardado en:
Otros Autores: Magnusson, Lars, 1952- (Editor )
Formato: Libro
Idioma:English
Publicado: Boston : Kluwer Academic Publishers, c1994.
Series:Recent economic thought series
Materias:
Etiquetas: Agregar Etiqueta
Sin Etiquetas, Sea el primero en etiquetar este registro!
LEADER 02109cam a2200277 a 4500
001 EEO.eeo001048
008 930526s1994####maua###g#b####001#0#eng##
005 20100920083120.0
245 0 0 |a Evolutionary and neo-Schumpeterian approaches to economics /  |c edited by Lars Magnusson. 
260 |a Boston :  |b Kluwer Academic Publishers,  |c c1994. 
300 |a vi, 326 p. :  |b il. ;  |c 24 cm. 
440 0 |a Recent economic thought series 
504 |a Incluye referencias bibliográficas e índice. 
505 0 |a The neo-chumpeterian and evolutionary approach to economics-an introduction / Magnusson, Lars, 1952- -- What is evolutionary economics? / Langlois, Richard ; Everett, Michael -- The unit that evolves : linking self reproduction and self-interest / Hutter, Michael -- On the nature of economic evolution : John R. Commons and the metaphor of artificial selection / Ramstad, Yngve -- The phenomenon of economic change : neoclassical vs. schumpeterian approaches / Dopfer, Jurt -- The theory of the firma and the theory of economic growth / Eliasson, Gunnar -- Evolutionary regimes and industrial dynamics / Dosi, Giovanni, 1953- ; Malerba, Franco ; Orsenigo, Luigi, 1952- -- The role of firm difference in an evolutionary theory of technical advance / Nelson, Richard -- The integration of theory and history : metodology and ideology in Schumpeter´s economics / Lazonick, William -- Neo-schumpeterians and economic theory / Heertje, Arnold, 1934- -- Rethinking economics : from GNP growth to ecological sustainability / Soderbarum, Peter -- Innovations, markets and institutions : an historical approach / Magnusson, Lars, 1952- ; Marklund, Göran. 
020 |a 0792393856 
700 1 |a Magnusson, Lars,  |d 1952-  |4 edt 
082 0 0 |a 330.1  |2 20 
650 7 |a Innovación tecnológica.  |2 Isoc 
650 7 |a Crecimiento económico.  |2 Isoc 
650 7 |a Teoría económica.  |2 Isoc 
653 |a Evolución económica 
600 1 0 |a Schumpeter, Joseph Alois,  |d 1883-1950. 
010 |a  93005059  
040 |a DLC  |c DLC  |d DLC 
050 0 0 |a HB97.3  |b .E92 1994 
859 |a AR-BaUEB  |b BIB. ECONOMIA - General  |h 330.1  |i M275  |p e08943